00461 2200181 4500001002100000005001500021035002000036008004100056245006300097100001900160250000600179260003400185300001200219084001400231082000800245650001400253990001200267INLIS00000000000014820240502112152 a0010-0424000124240502 0 ind 1 aMengungkap Berita Besar Dalam Kitab Suci /cAbdul Wahab A. aWahab A, Abdul a1 aSolo :bTiga Serangkai,c2008 a448 hlm a200 ABD m a200 4aNon Fiksi a0732507